[Event "ESP-chT"]
[Site "Sanxenxo"]
[Date "2004.11.19"]
[Round "2"]
[White "Giorgadze, Giorgi"]
[Black "Chernin, Alexander"]
[Result "0-1"]
[WhiteElo "2612"]
[BlackElo "2584"]
[Annotator "Bangiev,A"]
[PlyCount "64"]
[EventDate "2004.11.18"]
[EventType "team"]
[EventRounds "9"]
[EventCountry "ESP"]
[SourceTitle "CBM 105"]
[Source "ChessBase"]
[SourceDate "2005.04.11"]
[SourceVersion "1"]
[SourceVersionDate "2005.04.11"]
[SourceQuality "1"]

1. e4 c5 2. Nc3 e6 3. f4 d5 4. Nf3 d4 5. Ne2 Nc6 6. d3 f6 7. g4 $6 {Diese
Aktivität kommt viel zu früh. Die schwarze Königsstellung ist z.B. noch nicht
festgelegt wird.} Bd6 8. h4 $6 {[%cal Ge3f2,Gf2e3] Weiß schwächt damit die
Felder e3,f2 endgültig. Schwarz soll nun bestrebt sein diese Felder zu öffnen,
was ihm schließlich gelingt.} Nge7 9. Bh3 Qc7 {[%cal Ye5f4]} 10. Kf2 {[%cal
Ye5f4]} (10. h5) 10... Ng6 (10... e5 11. f5) 11. Kg3 {[%cal Ye5f4] /\h5} (11.
Qd2 h5) 11... h5 $1 {Verhindert 12.h5, öffnet die Linien.} (11... e5 12. f5)
12. gxh5 (12. g5 Rf8 13. Rf1 Bd7 (13... fxg5 14. Nxg5) 14. c3 O-O-O $17) 12...
Rxh5 13. Bg4 Rh8 14. h5 Nge7 {/\Bd7 + 0-0-0 + ..g6} 15. c4 (15. Nh4 Bd7) (15.
c3 f5 16. Bh3 (16. exf5 exf5 17. Bh3 Rxh5) 16... e5) 15... Bd7 {Schwarz
bereitet den Angriff auf dem Königsflügel sorgfältig vor. /\0-0-0} (15... f5 $5
{[%cal Yd5e4]} 16. Bh3 (16. exf5 exf5 17. Bh3 Rxh5 $19) 16... e5) 16. Nh4 O-O-O
17. Kf2 {[%cal Ge3f2,Gf2e3] Der König ist schlecht dafür geeignet, die
Schlüsselfelder zu sichern. In diesem Fall wird er zum Angriffsziel.} Kb8 18.
Bf3 {[%cal Ge3f2,Gf2e3]} Be8 {Die beste Fortsetzung. Schwarz möchte g7-g6
durchsetzen. Es gibt auch andere gute Möglichkeiten, z.B.} (18... Rh7 19. Ng6 (
19. a3 Rdh8 20. b4 Be8) 19... Nxg6 20. hxg6 Rxh1 21. Qxh1 Be8 $17) 19. Ng2 Bf7
(19... g6 20. h6) 20. Bd2 g6 21. hxg6 (21. h6 Rh7 {/\Rdh8}) 21... Nxg6 {
[%csl Gf2][%cal Ye5f4]} 22. Qb3 Rdg8 {Die Eröffnungsstrategie des Anziehenden
ist gescheitert: am Königsflügel diktiert Schwarz das Geschehen.} 23. Rag1 f5 {
Dies soll den Vorstoß e5 erzwingen.} 24. e5 {Nun hängt die Opferkombination
auf e5 (Nxe5) in der Luft.} Be7 25. Kf1 Be8 {verteidigt Nc6, befreit die Dame
auf c7.} 26. Rxh8 (26. a3 Bd8 27. Qc2 (27. Ke1 Ngxe5 28. fxe5 Nxe5 $19) 27...
Rh7 {[%csl Gh2]} 28. b4 Rgh8 29. Rxh7 Qxh7 $17) 26... Rxh8 27. Qd1 Rh3 28. Kf2
$2 (28. Nc1) 28... Ncxe5 {[%mdl 64]} 29. fxe5 Nxe5 30. Ne1 Bh4+ {[%csl Gf2]
[%cal Ye3f2,Ye5f4]} 31. Kg2 Rh2+ 32. Kxh2 Ng4+ 0-1

[Event "Ljubljana"]
[Site "Ljubljana"]
[Date "1997.??.??"]
[Round "8"]
[White "Mencinger, Vojko"]
[Black "Bukic, Enver"]
[Result "1/2-1/2"]
[WhiteElo "2395"]
[BlackElo "2435"]
[Annotator "Bangiev,A"]
[PlyCount "59"]
[EventDate "1997.05.20"]
[EventType "tourn"]
[EventRounds "11"]
[EventCountry "SLO"]
[EventCategory "9"]
[SourceTitle "CBM 058 Extra"]
[Source "ChessBase"]
[SourceDate "1997.07.29"]
[SourceVersion "1"]
[SourceVersionDate "1997.07.29"]
[SourceQuality "1"]

1. e4 c5 2. Nc3 d6 3. f4 g6 4. Nf3 Bg7 5. Bc4 Nc6 6. O-O e6 7. d3 Nge7 8. Qe1
h6 9. e5 {Ein neuer Zug. Die Hauptvariante ist hier 9.Bb3. Anzutreffen sind
auch 9.Kh1 und 9.Bd2.} d5 (9... dxe5 10. fxe5 Nxe5 $6 11. Nxe5 Qd4+ 12. Be3
Qxe5 13. Bb5+ $1 Nc6 (13... Bd7 14. Bxd7+ Kxd7 15. Rxf7 Rhf8 16. Rxf8 Rxf8 17.
Ne4 $14)) (9... Nf5 $6 10. Bb5 Bd7 11. Ne4 $36) 10. Bb3 a6 {/\11...b5} 11. Nd1
(11. Qf2 $5 b6 12. Bd2) 11... Na5 (11... b5 12. c3) 12. c3 Nxb3 13. axb3 Bd7
$11 14. Be3 Rc8 15. c4 $5 (15. Qf2 {[%csl Yd6][%cal Ye3c5,Yc5b6]} Qc7 16. d4 (
16. b4 $5 {[%cal Yb4c5,Ye3c5]} cxb4 17. Bb6 Qc6 18. cxb4 $13) 16... Nf5 (16...
cxd4 17. Bxd4) 17. dxc5 Nxe3 18. Qxe3 Qxc5 $15) 15... Nf5 (15... d4 16. Bd2 O-O
17. b4 $36) 16. Bf2 dxc4 (16... d4 17. b4 Bc6 18. Qe2 $13 cxb4 $6 19. g4 $14)
17. bxc4 Bc6 18. Qe2 Nd4 (18... O-O 19. Nc3 Nd4 20. Nxd4 cxd4 21. Ne4 $13) 19.
Bxd4 (19. Nxd4 cxd4 20. b4 $5 {/\Qb2 gefolgt b4-b5} Qd7 $5 (20... g5 $6 21.
fxg5 (21. Qb2 gxf4 22. b5 axb5 23. cxb5 Bxg2 24. Kxg2 Qd5+ 25. Kg1 Bxe5 $19)
21... Qxg5 22. Bxd4 Rd8 23. Bc3 Rxd3 24. b5 $13) 21. Qb2 Rd8 22. Bh4 (22. Rb1
b6 $13) 22... Rc8 23. Bf2 Rd8 $11) 19... Bxf3 20. Qxf3 Qxd4+ 21. Kh1 Rc7 22.
Nc3 O-O $15 23. Rf2 Rd8 24. Rd2 {/\Ne4} g5 $5 (24... Qd7 25. Ne4 Qc6 26. h4 Rd4
27. h5 $13) (24... f5 25. exf6 Qxf6 26. Ne4 $36) 25. g3 (25. Ne2 $5 Qd7 26. d4
$13) 25... f5 (25... gxf4 26. gxf4 Kh8 27. Rg1 $36) 26. exf6 Qxf6 27. Rf1 Qf5 (
27... Rf8 28. Rdf2 $5) 28. fxg5 (28. Ne4 $6 Rf7 29. Rdf2 Bd4 $15) 28... Qxg5
29. Ne4 Qg6 30. Nf6+ 1/2-1/2

[Event "Ljubljana"]
[Site "Ljubljana"]
[Date "1997.??.??"]
[Round "6"]
[White "Barle, Janez"]
[Black "Bukic, Enver"]
[Result "1-0"]
[WhiteElo "2450"]
[BlackElo "2435"]
[Annotator "Bangiev,A"]
[PlyCount "63"]
[EventDate "1997.05.20"]
[EventType "tourn"]
[EventRounds "11"]
[EventCountry "SLO"]
[EventCategory "9"]
[SourceTitle "CBM 058 Extra"]
[Source "ChessBase"]
[SourceDate "1997.07.29"]
[SourceVersion "1"]
[SourceVersionDate "1997.07.29"]
[SourceQuality "1"]

1. e4 c5 2. Nc3 d6 3. f4 g6 4. Nf3 Bg7 5. Bc4 e6 6. O-O (6. d4 cxd4 (6... Qa5
$146 7. Bd2 (7. O-O $5) 7... Ne7 8. f5 $5 $40 (8. Nd5 $5) 8... Qb6 9. fxe6 fxe6
10. d5 e5 11. Bb5+ Nd7 12. Ng5 O-O 13. Ne6 Rf7 14. a4 a6 15. a5 Qa7 16. Bxd7
Bxd7 17. Na4 Bxa4 (17... Bxe6 18. dxe6 Rf6 19. Bg5 $16) 18. Rxa4 Re8 19. Ra3
Nc8 20. Rf3 $16 {1-0 Fernandes,A-Rocha,S/Lisbon Masters 1996 (35)}) 7. Nxd4 Ne7
(7... a6 8. a4 Qb6 9. Nb3 Ne7 10. Qe2 Nd7 11. Be3 Qc7 12. a5 O-O 13. O-O d5 14.
exd5 exd5 15. Bd3 Nf6 16. Bb6 Qd7 17. Nc5 Qd6 18. N5a4 Bg4 19. Qf2 $14 {
1-0 Grigorov,J-Giffard,N/Cannes op18th 1997 (33)}) 8. Ndb5 d5 9. exd5 a6 10.
Nd4 b5 11. Bb3 b4 12. Nce2 Nxd5 13. O-O Bb7 14. f5 exf5 15. Nxf5 gxf5 16. Rxf5
Qb6+ 17. Kh1 Nf6 18. Re5+ Kf8 19. Be3 Bxg2+ 20. Kxg2 Qc6+ 21. Bd5 Nxd5 22. Rxd5
$14 {1/2-1/2 Reinderman,D-Har Zvi,R/Wijk op 1993 (55)}) 6... Ne7 7. d4 cxd4 8.
Nxd4 O-O (8... a6 9. f5 exf5 10. exf5 gxf5 11. Nd5 Nbc6 12. Nxc6 bxc6 13. Nxe7
Qxe7 14. Bf4 d5 15. Bd3 Bxb2 16. Rb1 Bg7 17. Re1 Be6 18. Qh5 Bc3 19. Rb7 Bxe1
20. Rxe7+ Kxe7 21. Qg5+ Kd7 22. Qf6 Bb4 23. Bxf5 Bc5+ 24. Kf1 Rhf8 25. Qe5 Ra7
26. Bxh7 Rb7 27. Bf5 Re8 28. g4 Kd8 29. Bg5+ {1-0 Hermlin,A-Shlekis/Kaluga 1972
}) 9. Bb3 Nbc6 10. Be3 a6 (10... Na5 11. Qd3 a6 12. Rad1 b5 13. a3 Rb8 14. Nde2
d5 15. f5 exf5 16. exd5 Nxb3 17. cxb3 Bb7 18. Nf4 Qd7 19. Bd4 Bh6 20. Bf6 Qd6
21. Qd4 Rbd8 22. Be5 Qd7 23. Qb6 Bg5 24. Bc7 Bc8 25. d6 Nc6 26. Nh3 Bf6 27. Nd5
Kg7 28. Nxf6 Kxf6 29. Rc1 Ne5 30. Qd4 Rde8 31. Rc5 Bb7 32. Nf2 {1-0 Short,
N-Kolev,A/Elenite 1995/CBM 50}) 11. Qd2 Na5 12. Rad1 {[%cal Yd2d6]} Qc7 $6 {
/\ 13...Nc4} (12... Nxb3 $142 13. axb3 f5 {nun wird der Pe4 beseitigt und der
Pd6 mittels d6-d5 zu decken ist, z.B.} 14. exf5 Bxd4 15. Bxd4 Nxf5 16. Rfe1
Nxd4 17. Qxd4 d5 $14) 13. f5 $5 Nxb3 (13... Nc4 $2 14. Bxc4 Qxc4 15. f6) 14.
axb3 exf5 15. exf5 Nxf5 (15... Bxf5 16. Nxf5 Nxf5 17. Nd5 Qd8 18. Bb6 Qh4 19.
Rf4 $36) 16. Nd5 {[%csl Yf6] -> f6} Qd8 17. Nxf5 Bxf5 18. Bb6 Qh4 (18... Qd7
19. Bd4 Rae8 (19... Qd8 20. Bxg7 Kxg7 21. g4 Be6 22. Qd4+ $16) 20. Bxg7 Kxg7
21. g4 Bxc2 $5 22. Qxc2 Qxg4+ 23. Kh1 $14) 19. Rf4 Qh5 (19... Qg5 20. h4 Qh5
21. Bd4) 20. Bd4 {[%csl Yf6][%cal Yd4g7]} f6 (20... Rae8 21. Bxg7 Kxg7 22. g4
Qg5 23. h4 Qxh4 24. Qc3+ f6 25. gxf5 $16) 21. Rdf1 {[%cal Yf1f6]} Rae8 22. Qc3
$1 {[%cal Yc3f6]} Re5 $6 (22... Qg5 23. h4 Qh6 24. Bxf6 $14) 23. Bxe5 fxe5 24.
Ne7+ Kh8 25. Nxf5 gxf5 26. Rxf5 $18 Qxf5 (26... Rxf5 27. Qc8+) 27. Rxf5 Rxf5
28. Qc8+ Rf8 29. Qxb7 Bh6 30. h4 Be3+ 31. Kh1 a5 32. Qc7 1-0

[Event "WchT 4th"]
[Site "Luzern"]
[Date "1997.10.25"]
[Round "1.3"]
[White "Minasian, Artashes"]
[Black "Pelletier, Yannick"]
[Result "1/2-1/2"]
[WhiteElo "2545"]
[BlackElo "2465"]
[Annotator "Bangiev,A"]
[PlyCount "104"]
[EventDate "1997.10.25"]
[EventType "team-tourn"]
[EventRounds "9"]
[EventCountry "SUI"]
[SourceTitle "CBM 062"]
[Source "ChessBase"]
[SourceDate "1998.01.31"]
[SourceVersion "1"]
[SourceVersionDate "1998.01.31"]
[SourceQuality "1"]
[WhiteTeam "Armenia"]
[BlackTeam "Switzerland"]
[WhiteTeamCountry "ARM"]
[BlackTeamCountry "SUI"]

1. e4 c5 2. Nc3 Nc6 3. f4 g6 4. Nf3 Bg7 5. Bb5 Nd4 6. O-O Nxb5 7. Nxb5 d5 8. e5
d4 9. c3 a6 10. Na3 b5 (10... d3 11. Nc4 b5 12. Ne3 Nh6 13. b3 Nf5 14. Qe1 O-O
15. Ba3 b4 16. cxb4 cxb4 17. Bxb4 Qb6 18. Bc3 Bb7 19. Qf2 Nxe3 20. Qxe3 Qxe3+
21. dxe3 Rfc8 22. Rac1 e6 23. Rfd1 Bf8 24. Bb2 Rc2 25. Rxc2 dxc2 26. Rc1 Be4
27. Kf2 a5 28. Ke2 a4 29. Nd2 Bf5 30. h3 axb3 31. axb3 Ra2 32. g4 Rxb2 33. gxf5
gxf5 34. Kd3 Bc5 35. Kc3 Ra2 36. Nc4 Kg7 37. b4 Ba7 {1-0 Hebden,M-Thorsson,O/
Kopavogur 1994/EXP 41}) 11. cxd4 cxd4 12. Nc2 $5 (12. d3 Nh6 (12... Bg4 13. Nc2
f6 14. h3 Bxf3 15. Qxf3 Rc8 16. Qf2 $36) 13. Nc2 Nf5 {/\ 14...h5} 14. g4 Ne3 $5
15. Bxe3 dxe3 16. Nxe3 h5 $44) 12... d3 13. Ne3 Nh6 14. b3 O-O 15. Bb2 {
Der wichtige Punkt e5 wird damit verstärkt.} f6 (15... Bb7 16. Qe1 Rc8 17. g4
$5 Qd7 18. Qh4 $13) 16. Qc1 $5 {/\17.Qc5 bzw.17.Qc6 und auch Bc3 und Qb2 -> /^
a1-h8 -> Punkt e5} Ng4 $5 (16... Bb7 17. Qc5 (17. Bc3 Rc8 18. Qb2 a5 19. a3 $13
) 17... Rc8 18. Qa7 $5 Bxf3 19. Rxf3 fxe5 20. Qxa6 exf4 (20... Rxf4 21. Qe6+
Nf7 22. Raf1 Rf6 23. Rxf6 exf6 24. Bxe5 (24. Nd5 $5) 24... Qe8 25. Qxe8+ Rxe8
26. Bxf6 $14) 21. Qe6+ Rf7 22. Bxg7 Kxg7 23. Nd5 Rc2 24. Rxd3 $14) 17. Qc6 Nxe3
(17... Ra7 18. Nd5 $5 (18. Rac1 Nxe3 19. dxe3 {ist Zugumtellung.})) 18. dxe3
Ra7 19. Rac1 Bg4 $5 (19... d2 $5 20. Rcd1 Rc7 21. Qb6 (21. Qe4 Bb7 $17) 21...
Rc2 22. Qxd8 Rxd8 23. Bd4 Rxa2 24. Rf2 (24. Rxd2 Rxd2 25. Nxd2 fxe5 $17) 24...
Be6 $15) 20. e6 $5 d2 21. Rcd1 Rc7 22. Qxa6 Qd3 $1 {[%csl Re3]} (22... Rc2 23.
Bd4 Bxf3 24. Rxf3 Qd5 25. Qa5 Ra8 26. Qb4 $16) 23. Qb6 (23. Rxd2 Qxe3+ $17)
23... Rc2 24. Ba3 Rxa2 25. Bxe7 Re8 26. Bc5 Bxe6 (26... Rxe6 27. Qb8+ Kf7 28.
Qb7+ $11) (26... Bxf3 $6 27. gxf3 (27. Rxf3 Qxb3 $17) 27... Qxb3 28. e7 $1 $36)
27. Rf2 Qxb3 28. Rfxd2 Rxd2 29. Rxd2 Bd5 30. Kf2 $13 Qc4 (30... f5 $5 31. Bd4 {
-> Punkt e5!} Bxd4 32. Qxd4 Bxf3 33. gxf3 Qe6 34. Rb2 Qc6 $11) (30... Bxf3 31.
gxf3 Bf8 32. Bxf8 Rxf8 33. Rd7 $13) 31. Rb2 Bxf3 32. gxf3 Rc8 33. Bd4 $14 f5
34. Bxg7 Kxg7 35. Qxb5 (35. Rxb5 Qc2+ 36. Kg3 Qc3 37. Qd4+ Qxd4 38. exd4 Rc2
39. d5 Rd2 $11) 35... Qxb5 36. Rxb5 Rc2+ 37. Kg3 Rc3 38. Kf2 Rc2+ 39. Kg3 Rc3
40. Re5 Kf6 41. h4 h5 42. Kf2 Rc2+ 43. Kf1 Rc1+ 44. Kf2 Rc2+ 45. Kg3 Rc3 46. e4
fxe4 47. Rxe4 Rc5 48. Re8 Ra5 49. Kf2 Ra2+ 50. Re2 Ra4 51. Re4 Ra2+ 52. Kg3 Ra5
1/2-1/2

[Event "Lausanne YM"]
[Site "Lausanne"]
[Date "2000.06.02"]
[Round "2.2"]
[White "Fressinet, Laurent"]
[Black "De Vreugt, Dennis"]
[Result "1/2-1/2"]
[WhiteElo "2501"]
[BlackElo "2498"]
[Annotator "Bangiev,A"]
[PlyCount "43"]
[EventDate "2000.05.30"]
[EventType "k.o."]
[EventRounds "3"]
[EventCountry "SUI"]
[SourceTitle "CBM 078"]
[Source "ChessBase"]
[SourceDate "2000.10.18"]
[SourceVersion "1"]
[SourceVersionDate "2000.10.18"]
[SourceQuality "1"]

1. e4 c5 2. Nc3 d6 3. f4 Nc6 4. Nf3 Nf6 5. Bb5 g6 6. Bxc6+ bxc6 7. O-O Bg7 8.
d3 O-O 9. Qe1 {Weiß hat hier einen Plan mittels Qh4, f5 und Bg5 bzw. Bh6 eine
Ausgangsposition für den Königsangriff aufzubauen.} c4 $5 {Ein ideenreicher
Versuch den Anziehenden von seinem Plan abzulenken.} 10. dxc4 {Die
prinzipielle Antwort. Der Anziehende muß um die weißen Felder kämpfen.} (10. d4
d5 (10... c5 11. dxc5 Bb7 12. f5 Qc7 13. cxd6 exd6 14. Qh4 Rae8 $132 {0-1
Hodgson,J-Speelman,J/Brighton 1980/(41)}) 11. e5 Ne8 {Die weißfeldrigen
Schwächen u.a. auf f5 bzw. c2 bieten dem Nachziehenden gute Gegenschancen.} 12.
Qh4 f6 13. g4 Nc7 14. Be3 Na6 15. Rf2 Rb8 $132 {0-1 Theodorakopoulos,G-
Rychagov,A/Poros 1998/(35)}) 10... Ba6 11. e5 $1 (11. Qe2 d5 $132) 11... dxe5 {
[%mdl 8] Logisch. Durch den Bauerntausch soll die Aktivität der schwarzen
Figuren steigen.} (11... Nd7 $143 12. e6 $1 Bxc4 13. exd7 Bxf1 14. Kxf1 Qxd7
15. Be3 Rab8 16. b3 c5 17. Rd1 Qc6 18. Nd5 Rb7 19. Qh4 $36 {0-1 Losev,
D-Donchenko,A/Moscow 1995/(28)}) 12. fxe5 $1 (12. Nxe5 Nd7 13. Qe4 Nxe5 14.
fxe5 Qb6+ 15. Kh1 Qc5 $132) 12... Ng4 (12... Nd7 13. e6 $1) 13. Qe4 Bc8 $1 {
[%mdl 512] Schwarz opfert den Bauern auf c6 in voller Überzeugung, dass das
Nehmen auf c6 Linien und Diagonalen öffnen sollte, was die Aktivität der
schwarzen Figuren enorm steigert.} (13... Qb6+ 14. Kh1 Nf2+ $2 15. Rxf2 Qxf2
16. Be3 $18) 14. Kh1 $5 (14. c5 Bf5 15. Qe2 Qa5 16. Kh1 Qxc5 17. Bf4 Rab8 $132)
(14. Qxc6 {Dies wäre die prinzipielle Fortsetzung.} Be6 15. Qc5 Rc8 $132) 14...
Bf5 15. Qe2 Qb8 16. Re1 {Der Bauer e5, der das Zusammenwirken der schwarzen
Figuren behindert, soll unterstützt werden.} f6 $5 (16... Qb6 17. h3 Nh6 18. b3
$16) 17. e6 Qb6 18. Na4 (18. h3 Ne5 $1 (18... Nf2+ 19. Kh2 Qb8+ 20. Kg1 Nxh3+
21. gxh3 Bxh3 22. Qh2 Bg4 23. Qxb8 Raxb8 24. Nd4 Rfc8) 19. b3 Bxe6 $132) 18...
Nf2+ 19. Kg1 Nh3+ 20. Kh1 (20. Kf1 {Dies könnte die Partie fortsetzen, z.B.}
Qa5 21. Nc3 Ng5 22. Nd4 {Der Anziehende kann seinen Mehrbauern behaupten.})
20... Nf2+ 21. Kg1 Nh3+ 22. Kh1 1/2-1/2

[Event "WchT 4th"]
[Site "Luzern"]
[Date "1997.10.31"]
[Round "7.3"]
[White "Minasian, Artashes"]
[Black "Arakhamia Grant, Ketevan"]
[Result "1-0"]
[WhiteElo "2545"]
[BlackElo "2430"]
[Annotator "Bangiev,A"]
[PlyCount "75"]
[EventDate "1997.10.25"]
[EventType "team-tourn"]
[EventRounds "9"]
[EventCountry "SUI"]
[SourceTitle "CBM 062"]
[Source "ChessBase"]
[SourceDate "1998.01.31"]
[SourceVersion "1"]
[SourceVersionDate "1998.01.31"]
[SourceQuality "1"]
[WhiteTeam "Armenia"]
[BlackTeam "Georgia (w)"]
[WhiteTeamCountry "ARM"]
[BlackTeamCountry "GEO"]

1. e4 c5 2. Nc3 Nc6 3. f4 g6 4. Nf3 Bg7 5. Bb5 Nd4 6. O-O a6 7. Bd3 d6 8. Nxd4
cxd4 9. Ne2 Nf6 10. Kh1 O-O 11. Nxd4 Nxe4 12. Bxe4 Bxd4 13. Qf3 (13. c3 $6 d5
$5) 13... Rb8 14. c3 Bg7 15. f5 $5 (15. d4 f5 $5) 15... b5 16. d4 b4 17. Bg5
bxc3 18. bxc3 Rb5 $5 $146 (18... Qc7 19. Qg3 Bb7 20. Rae1 Rfe8 21. Bc2 Bd5 22.
Bb3 Bc4 23. Rf3 e5 24. Ba4 Rec8 25. Qh4 Rb2 26. Bh6 Bd5 27. Rg3 Qd8 28. Bg5 Qa5
29. f6 Rxc3 30. Rg1 Rxg3 31. hxg3 Bf8 32. dxe5 Rb4 33. Bf4 Qxa4 34. exd6 Rb2
35. Qg4 Qc2 36. Qh3 Be6 37. Qh4 Qe4 {0-1 Reinderman,D-Sosonko,G/NLD-ch 1996/
CBM 54/[Bangiev]}) 19. a4 (19. Rae1 gxf5 (19... Bxf5 20. Bc6 f6) 20. Bd3 {
[%csl Re7]} Ra5 (20... f6 21. Bxb5 fxg5 22. Bc4+ Kh8 $14)) 19... Ra5 20. g4 Qc7
21. Rae1 e6 $5 (21... Rxa4 22. Bxe7 $1 Qxe7 23. Bc6 $16) 22. f6 Rxg5 (22... Bh8
23. Bh6 (23. Bd2 Rxa4 24. g5 $16) 23... Re8 24. Bd2 $5 (24. h4 e5 $5 25. d5
Rxa4 $17) (24. Bg7 Bxg7 25. fxg7 Kxg7 $15) 24... Bd7 25. g5 Rxa4 26. h4 {
Der weiße Plan ist klar und besteht in einem Angriff auf der h-Linie mittels
h5xg6, Rf2-h2xh8.}) 23. fxg7 Rd8 (23... Kxg7 $4 24. Qf6+) 24. Qf6 $40 Rxg4 (
24... Ra5 25. Bxg6 $1 hxg6 26. Qh4 Kxg7 27. Qf6+ Kg8 28. Re3 {/\Rh3} Bb7+ 29.
Kg1 $16) 25. Bf3 $16 h5 (25... Bb7 26. d5 $1 Bxd5 (26... Rxa4 27. dxe6 $18) 27.
Bxd5 exd5 28. Re7 $18) 26. h3 $5 (26. Bxg4 hxg4 27. Rf4 e5 (27... Bb7+ 28. Kg1
Bf3 29. Rxe6 $18) 28. dxe5 dxe5 29. Rxe5 $16) 26... Rg3 27. Kh2 Rxf3 (27... d5
28. Re5 $16) 28. Rxf3 {/\Ref1 -> Pf7} Re8 29. Ref1 Re7 30. Rg1 {/\31.Rxg6} e5
$1 31. d5 (31. Rxg6 $2 Re6) 31... e4 32. Rf4 (32. Rxg6 $2 exf3 33. Rh6 Re2+ 34.
Kh1 Re1+ $11) 32... Qd7 {[%csl Rh3]} 33. Rxg6 $1 Qxh3+ 34. Kg1 Qe3+ 35. Rf2 $18
Rd7 36. Rh6 Qg3+ 37. Rg2 Qe3+ 38. Kh2 1-0

[Event "WchT 4th"]
[Site "Luzern"]
[Date "1997.10.29"]
[Round "5.3"]
[White "Minasian, Artashes"]
[Black "Cvitan, Ognjen"]
[Result "1/2-1/2"]
[WhiteElo "2545"]
[BlackElo "2570"]
[Annotator "Bangiev,A"]
[PlyCount "93"]
[EventDate "1997.10.25"]
[EventType "team-tourn"]
[EventRounds "9"]
[EventCountry "SUI"]
[SourceTitle "CBM 062"]
[Source "ChessBase"]
[SourceDate "1998.01.31"]
[SourceVersion "1"]
[SourceVersionDate "1998.01.31"]
[SourceQuality "1"]
[WhiteTeam "Armenia"]
[BlackTeam "Croatia"]
[WhiteTeamCountry "ARM"]
[BlackTeamCountry "CRO"]

1. e4 c5 2. Nc3 Nc6 3. f4 g6 4. Nf3 Bg7 5. Bb5 Nd4 6. O-O Nxb5 7. Nxb5 Nf6 8.
d3 O-O 9. a4 $5 {Eine Neuerung. Dies soll das Manöver Qd7-g4 (Man beachte 9.
Qe1 d6 10.Qh4 Qd7 11.Nc3 Qg4) verhindern.} (9. Nc3 d6 10. Qe1 Nd7 11. f5 Ne5
12. Nxe5 Bxe5 13. Bh6 Bg7 14. Qh4 f6 15. Nd5 e6 16. Ne3 g5 17. Qh3 exf5 18.
Nxf5 Bxf5 19. Rxf5 Qb6 20. b3 c4+ 21. Kh1 cxb3 22. axb3 Rac8 23. Bxg7 Kxg7 24.
c4 Qxb3 25. Rb5 Qc3 26. Rxb7+ Rf7 27. Rxf7+ Kxf7 28. Rxa7+ {1-0 Chaves,
J-Gonzalez,B/Guarapuava op 1992/EXT 97}) (9. Qe1 d6 10. Qh4 Qd7 (10... Bg4 11.
f5 Bxf3 12. Rxf3 d5 13. e5 Nd7 14. e6 Ne5 15. Rh3 h5 16. exf7+ Rxf7 17. fxg6
Rf5 18. Bg5 Qb6 19. Qxh5 Qxg6 20. Qxg6 Nxg6 21. Be3 Raf8 22. c3 a6 23. Rg3 R8f6
24. Na3 Nf4 25. Bxf4 Rxf4 26. Nc2 Rb6 27. b3 Kf7 28. Rf1 Rxf1+ 29. Kxf1 Bxc3
30. Rf3+ Rf6 31. Ke2 b5 32. Ne3 e6 33. g4 Kg6 34. h4 a5 35. Rxf6+ Kxf6 36. h5
Kg5 37. Kf3 b4 38. Ng2 Be5 39. Ne3 Bd4 40. Nc2 Bc3 41. Ne3 Be5 42. Nc2 Bf4 43.
Ne3 {1/2-1/2 Lecuyer,C-Chabanon,J/FRA-ch 1988/EXT 88ch}) (10... Bd7 11. Nc3 e6
12. f5 Ne8 13. Bg5 f6 14. fxg6 hxg6 15. e5 dxe5 16. Ne4 Bc6 17. Be3 b6 18. Qg4
Nc7 19. Qxg6 Qe8 20. Qg3 Qh5 21. Bd2 Rad8 22. Rae1 Nd5 23. a3 Ne7 24. h4 Nd5
25. Qh3 Rde8 26. Ng3 Qh7 27. h5 Nf4 28. Qg4 Qh6 29. Ne2 Qxh5 30. Qg3 Ng6 31.
Kf2 e4 32. dxe4 Bxe4 33. Nf4 Nxf4 34. Rxe4 e5 35. Bxf4 exf4 36. Qxf4 f5 37.
Rxe8 Rxe8 38. Re1 Rxe1 39. Kxe1 Qg4 40. Qb8+ Kh7 41. Kf2 Qc4 42. Qh2+ Kg6 43.
Qd6+ Kh5 44. Qh2+ Kg6 45. Qd6+ Kh5 {1/2-1/2 Sulman,R-Thinnsen,J/Lone Pine op
1981/MCL 04}) 11. Nc3 Qg4 12. Qf2 Qd7 13. Ng5 h6 14. Nh3 Ng4 15. Qh4 Bf6 16.
Qg3 Bd4+ 17. Kh1 f5 18. Ng1 Kh7 19. Nce2 Bg7 20. Nf3 e6 21. e5 dxe5 22. fxe5 h5
23. h3 Nh6 {Christensen,J-Andersen,R/Aarhus op 1997/EXT 97/1-0 (66)}) 9... d6
10. Qe1 {/\Qh4} Ne8 11. Qh4 f5 12. e5 Bd7 13. Be3 a6 14. Nc3 Nc7 15. d4 $1 (15.
Rae1 $5 {-> Pe7} b5 (15... Ne6 16. Bf2 {[%cal Ye1e7]}) 16. axb5 axb5 17. Bf2 b4
18. Nd1 Bc6 (18... h6 19. Re2 Ra2 20. Qg3 Kh7 21. Rfe1 $13) 19. exd6 exd6 20.
Ng5 h6 21. Ne6 Qxh4 22. Bxh4 $13) 15... cxd4 16. Bxd4 {[+] -> Pe5} Ne6 17. Rad1
Bc6 {/\18...Bxf3} 18. Ng5 Nxg5 19. Qxg5 dxe5 20. fxe5 {[%cal Yd4b6]} (20. Bxe5
Qb6+ 21. Kh1 Bf6 $17) 20... Qa5 $5 {-> Pe5} (20... e6 21. Qe3 {[%csl Yb6,Yc5]})
21. Qe3 {[%cal Yd4b6]} Qb4 22. b3 (22. Bc5 Qxb2 (22... f4 $5) 23. Rb1 Qxc2 24.
Rf2 f4 $1 $19) 22... Rac8 23. Na2 (23. Bc5 f4 $5) 23... Qa5 24. c4 h6 25. Nc3
g5 {/\26...f4} 26. g3 e6 $15 27. h4 gxh4 28. gxh4 Kh7 29. Ne2 Rg8 30. Kh2 Be4
$1 {[%csl Re5]} 31. Nf4 Bxe5 $17 32. Bb6 Qc3 33. Rd7+ Rg7 (33... Kh8 $1 34.
Qxc3 Bxc3 35. h5 Be5 $17) 34. Rxg7+ Bxg7 (34... Kxg7 $6 35. Qxc3 Bxc3 36. Nxe6+
Kf6 37. Nf4) 35. Qxc3 Bxc3 36. Nxe6 Be5+ 37. Nf4 Rg8 38. Kh3 Bg2+ (38... Rg4
39. Be3 Bc2 $17) 39. Nxg2 Rg3+ 40. Kh2 Rxb3+ 41. Kg1 Rxb6 42. Rxf5 Bd4+ 43. Kh2
Rb4 44. h5 $5 Rxa4 45. Nf4 Rxc4 46. Ne6 $1 $11 b5 (46... Bg7 47. Rf7 Rg4 48.
Kh3 Rg1 49. Kh2 $11) 47. Rf7+ 1/2-1/2